000 00484nam a22001817a 4500
999 _c258450
_d258449
003 OSt
005 20221003141847.0
008 200615b xxu||||| |||| 00| 0 eng d
020 _a0130982644.
040 _cRU
050 _aBF121
_bW31 2003
100 _aGreen Jeffrey D.
245 _aStudy guide : Psychology
_c Jeffrey D. Green Jody L. Davis
250 _aseventh edition.
260 _aUpper Saddle River, NJ ,
_bPrentice Hall
_c2003
300 _a275 p.
942 _2lcc
_cBK